El modo intemporal de construir

Tallennettuna:
Bibliografiset tiedot
Päätekijä: Alexander, Christopher (Tekijä)
Aineistotyyppi: Kirja
Kieli:espanja
Julkaistu: Barcelona Gustavo Gili 1981
Sarja:Arquitectura-Perspectivas
Aiheet:
Tagit: Lisää tagi
Ei tageja, Lisää ensimmäinen tagi!

MARC

LEADER 00000nam a2200000 a 4500
001 UCY3943
003 CL-VaPUC
008 950124e19810000SP |||||||||||||||||spa|d
082 0 4 |a 711  |b ALE  |2 21 
100 0 |a Alexander, Christopher  |e author  |9 332369 
245 1 3 |a El modo intemporal de construir 
300 |a 413 p 
942 |c BK 
945 |d 19950124 00:00:00  |a aalvarez 
260 |a Barcelona  |b Gustavo Gili  |c 1981 
650 0 |a Planificación urbana   |9 258176 
650 0 |a Arquitectura  |9 804558 
583 |a last modification  |c 20160929 09:05:49  |k Rodrigo Vera 
490 0 |a Arquitectura-Perspectivas 
999 |c 231967  |d 231965 
952 |0 0  |1 0  |4 0  |6 711_000000000000000_ALE_1981  |7 0  |8 A  |9 235840  |a BIBARQ  |b BIBARQ  |d 2019-11-15  |i 305621K  |l 6  |m 1  |o 711 ALE 1981  |p 305621K  |r 2025-01-20  |s 2024-10-24  |w 2019-11-15  |y BK  |k ARQ